00405 2200157 4500001002100000008004100021035002000062245005500082100002900137250000600166260003100172084001400203082000800217650001000225990001200235INLIS000000000001541 ind  a0010-0125000039 aPudarnya Pesona CleopatracHabiburahman El Shirazy aEl Shirazy, Habiburahman a1 aJakarta :bRepublikac2010 a800 HAB p a800 aFiksi a0715290